CBI/GVA Grimley survey of property trends (Record no. 107211)

MARC details
000 -LEADER
fixed length control field 01431cam a2200241 4500
001 - CONTROL NUMBER
control field L138591
008 - FIXED-LENGTH DATA ELEMENTS--GENERAL INFORMATION
fixed length control field 070220n2007 000 0 eng u
035 ## - SYSTEM CONTROL NUMBER
System control number (Sirsi) u138591
041 0# - LANGUAGE CODE
Language code of text/sound track or separate title eng
050 ## - LIBRARY OF CONGRESS CALL NUMBER
Classification number 332.6324 $2 18
110 2# - MAIN ENTRY--CORPORATE NAME
Corporate name or jurisdiction name as entry element GVA Grimley
9 (RLIN) 3646
245 00 - TITLE STATEMENT
Title CBI/GVA Grimley survey of property trends
Remainder of title summer 2007
Medium [electronic resource]
260 ## - PUBLICATION, DISTRIBUTION, ETC.
Place of publication, distribution, etc. London
Name of publisher, distributor, etc. GVA Grimley
Date of publication, distribution, etc. 2007
490 #0 - SERIES STATEMENT
Series statement CBI/GVA Grimley Survey of Property Trends
505 ## - FORMATTED CONTENTS NOTE
Formatted contents note Overview -- Underlying property demand -- Changes to property occupied -- Drivers for portfolio change -- Limits on property related capital expenditure
520 ## - SUMMARY, ETC.
Summary, etc. Six-monthly survey of private companies in all sectors of the economy. Reports steady overall occupier demand for commercial property over the six month period. Suggests that overall demand for commercial property will strengthen modestly within the coming six months. Expects greater demand in the office sector, but some weakening in the industrial, retail and warehousing sectors.
590 ## - LOCAL NOTE (RLIN)
Local note KA NTK
650 24 - SUBJECT ADDED ENTRY--TOPICAL TERM
Topical term or geographic name entry element CBI/GVA GRIMLEY SURVEY OF PROPERTY TRENDS
651 #4 - SUBJECT ADDED ENTRY--GEOGRAPHIC NAME
Geographic name United Kingdom
Chronological subdivision
690 ## - LOCAL SUBJECT ADDED ENTRY--TOPICAL TERM (OCLC, RLIN)
Topical term or geographic name as entry element PROPERTY-COMMERCIAL PROPERTY-COMMERCIAL PROPERTY MARKET
856 40 - ELECTRONIC LOCATION AND ACCESS
Uniform Resource Identifier <a href="https://www.gvagrimley.co.uk/Documents/corporate%20consultancy/CBI%20GVAG%20Surveys/2007%20Summer%20CBI%20Survey%20of%20Property%20Trends.pdf">https://www.gvagrimley.co.uk/Documents/corporate%20consultancy/CBI%20GVAG%20Surveys/2007%20Summer%20CBI%20Survey%20of%20Property%20Trends.pdf</a>
Public note View the report free of charge at www.gvagrimley.co.uk...
942 ## - ADDED ENTRY ELEMENTS (KOHA)
Suppress in OPAC 0
Holdings
Withdrawn status Lost status Source of classification or shelving scheme Damaged status Not for loan Home library Current library Shelving location Date acquired Total Checkouts Full call number Barcode Date last seen Copy number Price effective from Koha item type
    Dewey Decimal Classification     Virtual Virtual Online 25/06/2007   ONLINE PUBLICATION 138591-2001 06/08/2019 1 06/08/2019 Book